| 000 | 00682nam a2200217Ia 4500 | ||
|---|---|---|---|
| 003 | IN-BaIIA | ||
| 008 | 211028s9999 xx 000 0 eng d | ||
| 020 | _a0-306-11010-5 | ||
| 040 | _cIIA Library | ||
| 080 |
_a047.1:533.9 _bREV-20 |
||
| 245 | 0 |
_aReviews of plasma physics _bvol. 20 _cedited by B. B. Kadomtsev |
|
| 260 |
_aNew York _bConsultants Bureau _c1997 |
||
| 300 | _aviii, 300p. | ||
| 650 | _aAstronomy and astrophysics Thesaurus | ||
| 650 |
_aMagnetohydrodynamicsplasmas _921519 |
||
| 650 |
_aPlasma physics _93732 |
||
| 650 |
_aPlasmas _91898 |
||
| 650 |
_aReviews _915852 |
||
| 700 |
_aKadomtsev, B. B ed. _921520 |
||
| 942 | _cBK | ||
| 999 |
_c13794 _d13794 |
||